| 000 | 02359nam a2200373Ia 4500 | ||
|---|---|---|---|
| 999 |
_c52699 _d52699 |
||
| 001 | 19724 | ||
| 003 | GE_BSU | ||
| 005 | 20200410125902.0 | ||
| 008 | 181216s2014||||ge |||||||||||||| ||geo|| | ||
| 020 | _a9789941066610 | ||
| 040 | _cGE_BSU | ||
| 041 | _ageo | ||
| 080 | _a27-528 შ-77 | ||
| 100 |
_aშმემანი, ალექსანდრე (პროტოპრესვიტერი) _97885 |
||
| 245 |
_aლიტურგია და ღვთისმეტყველება : _b (შრომები, სტატიები) / _cშემდგ. და მთარგმნ. : ოთარ ზოიძე და ფრიდონ საყვარელიძე ; რედ. დალი ნადიბაიძე ; [წინათქმა პროტოპრესვიტერი იოანე მეიენდორფი]. |
||
| 250 | _aI-ლი გამოცემა | ||
| 264 |
_aთბილისი : _bფავორიტი სტილი, _c2014. |
||
| 300 |
_a480 გვ. ; _c22 სმ. |
||
| 653 | _aლიტურგიკა | ||
| 653 | _aღვთისმეტყველება | ||
| 653 | _aრელიგია | ||
| 653 | _aღვთისმეტყველების შესავალი | ||
| 653 | _a ნათლობის საიდუმლო | ||
| 653 | _a ლიტურგიის შესახებ | ||
| 653 | _aლიტურგიკული აღორძინება და მართლმადიდებელი ეკლესია | ||
| 653 | _a მარხვა და ლიტურგია | ||
| 653 | _a მსხვერპლი და ღვთისმსახურება | ||
| 653 | _a აღსარების შესახებ | ||
| 653 | _a სიმბოლოები და სიმბოლიზმი ბიზანტიურ ღვთისმსახურებაში | ||
| 700 |
_a ზოიძე, ოთარ _eშემდგენელი და მთარგმნელი _97886 |
||
| 700 |
_a საყვარელიძე, ფრიდონ _eშემდგენელი და მთარგმნელი _97887 |
||
| 700 |
_aნადიბაიძე, დალი _eრედაქტორი _97888 |
||
| 942 |
_cBK _2udc |
||